| 000 | 00552nam a2200193Ia 4500 | ||
|---|---|---|---|
| 003 | OSt | ||
| 005 | 20231213124017.0 | ||
| 008 | 210210b1929 xxu||||| |||| 00| 0 eng d | ||
| 040 | _cAL | ||
| 041 | _aKannada | ||
| 082 | _a854/154 | ||
| 100 |
_aNARASIMHACHARYA (R) ನರಸಿಂಹಾಚಾರ್ಯ ಆರ್ _991767 |
||
| 245 |
_aKarnataka kavicharite 3 _bಕರ್ಣಾಟಕ ಕವಿ ಚರಿತೆ ೩ |
||
| 260 |
_aBengaluru _b- _c1929 |
||
| 440 |
_a3 _991768 |
||
| 690 |
_aKannada Criticism _991769 |
||
| 906 | _a020006 | ||
| 942 |
_2ddc _cBK |
||
| 999 |
_c144156 _d144156 |
||